|
|
|
|
| LEADER |
00000nab a2200000uu 4500 |
| 001 |
vtls011151426 |
| 003 |
SK-MaSNL |
| 005 |
20260303223738.0 |
| 008 |
230131|2004 xo |||||||||||||||||cze| |
| 015 |
|
|
|a SNBRB
|
| 035 |
|
|
|a (urnnbn)urn:nbn:sk:snk:ar-a0a1uf
|
| 035 |
|
|
|a (uuid)a567b0e3-c904-4231-889a-20ed03059062
|
| 035 |
|
|
|a urn:nbn:sk:snk-abb0ur
|
| 040 |
|
|
|a SNKBUCL
|b slo
|c SNKBUCL
|e AACR2
|
| 041 |
0 |
|
|a cze
|
| 044 |
|
|
|a xo
|c SK
|
| 100 |
1 |
|
|a Málek, I.
|4 aut
|9 1134545
|
| 245 |
1 |
0 |
|a Doporučení pro diagnostiku a léčbu chronického srdečního selhání 2001 - zkrácená verze
|c I. Málek, J. Hradec, J. Špinar, J. Toman
|
| 650 |
0 |
7 |
|a chronické zlyhanie srdca
|2 SNKPH
|9 133644
|
| 650 |
0 |
7 |
|a diagnostika (medicína)
|2 SNKPH
|9 28740
|
| 655 |
|
7 |
|a štúdie
|2 SNKPH
|9 57033
|
| 700 |
1 |
|
|a Hradec, Jaromír,
|d 1947-
|4 aut
|9 234546
|
| 700 |
1 |
|
|a Špinar, Jindřich,
|d 1960-
|4 aut
|9 11753
|
| 700 |
1 |
|
|a Toman, J.
|4 aut
|9 786958
|
| 773 |
0 |
|
|t Vnitřní lékařství : časopis Internistické sekce Československé lékařské společnosti J. E. Purkyně
|g Roč. 50, č. 3 (2004), s. 233-239
|
| 954 |
|
|
|a odborná, vedecká literatúra cudzojazyčná (svetová)
|2 lita
|
| 958 |
|
|
|a OND
|
| 958 |
|
|
|a EUIPO
|
| 958 |
|
|
|a article14
|
| 999 |
|
|
|c 2249205
|d 2251135
|